000 00461nam a2200181Ia 4500
008 090124s9999 xx 000 0 und d
082 _b113660
100 _aशेळके उध्दव ज.
245 _a फटका
250 _a1
260 _c1970
300 _a84
600 _aशेळके उध्दव ज.
630 _a फटका
700 _aशेळके उध्दव ज.
730 _a फटका
942 _cBOOK
999 _c159751
_d159751